Growing, Pastimes, Messages / (Record no. 186845)

000 -LEADER
fixed length control field 01103 a2200205 4500
003 - CONTROL NUMBER IDENTIFIER
control field NUST
005 - DATE AND TIME OF LATEST TRANSACTION
control field 20230124174538.0
020 ## - INTERNATIONAL STANDARD BOOK NUMBER
International Standard Book Number 0021226709
040 ## - CATALOGING SOURCE
Transcribing agency Nust
082 ## - DEWEY DECIMAL CLASSIFICATION NUMBER
Classification number 823,HAL
100 ## - MAIN ENTRY--PERSONAL NAME
Personal name Halliburton, Warren
9 (RLIN) 107567
245 ## - TITLE STATEMENT
Title Growing, Pastimes, Messages /
Statement of responsibility, etc. Warren Halliburton , Laurence, Swinburne, Mary Lee Johansen
Medium Senior authors Carl B. Smith , Ronald Wardhaugh, Literature Consultant [etc]
250 ## - EDITION STATEMENT
Edition statement Three-in-one-edition
260 ## - PUBLICATION, DISTRIBUTION, ETC.
Place of publication, distribution, etc. London
Name of publisher, distributor, etc. Collier Macmillan Publishers
Date of publication, distribution, etc. 1975
300 ## - PHYSICAL DESCRIPTION
Extent 96:p.
505 ## - FORMATTED CONTENTS NOTE
Formatted contents note Dear Reader (Page-6),Who’s Afraid (Page-8),Davy Crockett (Page-10),Trina And Maggie (Page-20), The Name Of Same(Page-31),Peanuts (Page-32),Autumn! (Page-34),The Ant, The Grasshopper And The Cricket (Page-36),Happily May In Walk (Page-47),The Tuesday Elephant (Page-48), The Word Hunt (Page-57),Truly My Own (Page-58),Me, Myself And I (Page-59),Phillis Wheatley (Page-61),The Shoeshine Chair(Page-72), Is That What You Mean? (Page-83),A New Song (Page-84).
600 ## - SUBJECT ADDED ENTRY--PERSONAL NAME
Personal name Smith, Carl B.
650 ## - SUBJECT ADDED ENTRY--TOPICAL TERM
Topical term or geographic name entry element Children Stories
9 (RLIN) 107568
942 ## - ADDED ENTRY ELEMENTS (KOHA)
Source of classification or shelving scheme
Koha item type Book
Call number prefix 823,HAL
Holdings
Withdrawn status Lost status Source of classification or shelving scheme Damaged status Not for loan Permanent Location Current Location Shelving location Date acquired Total Checkouts Full call number Barcode Date last seen Date last checked out Price effective from Koha item type Public note
          Military College of Signals (MCS) Military College of Signals (MCS) General Stacks 12/12/2016 1 823,HAL MCS4050 11/15/2024 08/29/2024 12/12/2016 Book Almirah No.57, Shelf No.6
© 2023 Central Library, National University of Sciences and Technology. All Rights Reserved.